Handbuch Kindheits- und Jugendforschung
| Contributors: | |
|---|---|
| Format: | Print Book |
| Language: | German |
| Published: |
Opladen
Leske + Budrich
2002
|
| In: | Year: 2002 |
| Online Access: |
Cover Table of Contents Review |
| Availability in Tübingen: | Present in Tübingen. IFK: O IV 456 |
| Check availability: | HBZ Gateway |
| Subito Delivery Service: | Order now. |
| Volumes / Articles: | Show volumes/articles. |
| Keywords: |
MARC
| LEADER | 00000cam a2200000 c 4500 | ||
|---|---|---|---|
| 001 | 161792735X | ||
| 003 | DE-627 | ||
| 005 | 20251225200946.0 | ||
| 007 | tu | ||
| 008 | 010613s2002 xx ||||| 00| ||ger c | ||
| 020 | |a 3810032921 |q (kart.) |9 3-8100-3292-1 | ||
| 020 | |a 3810033200 |q (geb.) |9 3-8100-3320-0 | ||
| 035 | |a (DE-627)161792735X | ||
| 035 | |a (DE-576)091790921 | ||
| 035 | |a (DE-599)BSZ091790921 | ||
| 040 | |a DE-627 |b ger |c DE-627 |e rakwb | ||
| 041 | |a ger | ||
| 082 | 0 | |a 305.231 | |
| 084 | |a 1 |2 ssgn | ||
| 084 | |a MP 8000 |2 rvk |0 (DE-625)rvk/123409: | ||
| 084 | |a MS 2150 |2 rvk |0 (DE-625)rvk/123632: | ||
| 084 | |a MS 1960 |2 rvk |0 (DE-625)rvk/123626: | ||
| 084 | |a DU 3000 |2 rvk |0 (DE-625)rvk/20045:761 | ||
| 084 | |a DB 2000 |2 rvk |0 (DE-625)rvk/19247:761 | ||
| 084 | |a CQ 6000 |2 rvk |0 (DE-625)rvk/19011: | ||
| 245 | 0 | 0 | |a Handbuch Kindheits- und Jugendforschung |c Heinz-Hermann Krüger, Cathleen Grunert (Hrsg.) |
| 263 | |a Nov. | ||
| 264 | 1 | |a Opladen |b Leske + Budrich |c 2002 | |
| 300 | |a 920 S. |b graph. Darst. | ||
| 336 | |a Text |b txt |2 rdacontent | ||
| 337 | |a ohne Hilfsmittel zu benutzen |b n |2 rdamedia | ||
| 338 | |a Band |b nc |2 rdacarrier | ||
| 490 | 0 | |a Handbücher | |
| 655 | 7 | |a Aufsatzsammlung |0 (DE-588)4143413-4 |0 (DE-627)105605727 |0 (DE-576)209726091 |2 gnd-content | |
| 689 | 0 | 0 | |d s |0 (DE-588)4194649-2 |0 (DE-627)105217891 |0 (DE-576)21009558X |a Jugendforschung |2 gnd |
| 689 | 0 | |5 (DE-627) | |
| 689 | 1 | 0 | |d s |0 (DE-588)4394008-0 |0 (DE-627)190553537 |0 (DE-576)211977594 |a Kindheitsforschung |2 gnd |
| 689 | 1 | |5 (DE-627) | |
| 700 | 1 | |a Krüger, Heinz-Hermann |d 1947- |e Hrsg. |0 (DE-588)121544532 |0 (DE-627)061666076 |0 (DE-576)161842097 |4 edt | |
| 856 | 4 | 2 | |u https://swbplus.bsz-bw.de/bsz091790921rez.htm |m V:DE-576;B:DE-Fr129 |q application/pdf |v 20110222112201 |3 Rezension |7 1 |
| 856 | 4 | 2 | |u https://swbplus.bsz-bw.de/bsz091790921cov.jpg |m V:DE-576 |m X:springer |q image/jpeg |v 20130327111546 |3 Cover |7 1 |
| 856 | 4 | 2 | |u https://swbplus.bsz-bw.de/bsz091790921inh.htm |m V:DE-576;B:DE-352 |q application/pdf |v 20110627144953 |3 Inhaltsverzeichnis |7 1 |
| 935 | |a mteo | ||
| 936 | r | v | |a MP 8000 |b Soziologie als Beruf, Soziologie der Soziologie (Förderung der Soziologie, Rolle des Sozialwissenschaftlers, Selbstkritik), Biografien |k Soziologie |k Handbücher und Nachschlagewerke |k Soziologie als Beruf, Soziologie der Soziologie (Förderung der Soziologie, Rolle des Sozialwissenschaftlers, Selbstkritik), Biografien |0 (DE-627)1271427362 |0 (DE-625)rvk/123409: |0 (DE-576)201427362 |
| 936 | r | v | |a MS 2150 |b Allgemeine Darstellungen |k Soziologie |k Spezielle Soziologien |k Jugendsoziologie |k Allgemeine Darstellungen |0 (DE-627)1270710710 |0 (DE-625)rvk/123632: |0 (DE-576)200710710 |
| 936 | r | v | |a MS 1960 |b Kinder (auch Adoption) |k Soziologie |k Spezielle Soziologien |k Familiensoziologie |k Kinder (auch Adoption) |0 (DE-627)1271440962 |0 (DE-625)rvk/123626: |0 (DE-576)201440962 |
| 936 | r | v | |a DU 3000 |b Allgemeines und Deutschland |k Pädagogik |k Pädagogische Soziologie |k Jugendsoziologie |k Allgemeines und Deutschland |0 (DE-627)1270809784 |0 (DE-625)rvk/20045:761 |0 (DE-576)200809784 |
| 936 | r | v | |a DB 2000 |b Allgemeines und Deutschland |k Pädagogik |k Bibliografien, Nachschlagewerke, Sammelwerke, Sammlungen |k Handbücher, Lexika |k Allgemeines und Deutschland |0 (DE-627)1270706217 |0 (DE-625)rvk/19247:761 |0 (DE-576)200706217 |
| 936 | r | v | |a CQ 6000 |b Kindheit und Jugend |k Psychologie |k Entwicklungspsychologie |k Kindheit und Jugend |0 (DE-627)1270875655 |0 (DE-625)rvk/19011: |0 (DE-576)200875655 |
| 951 | |a BO | ||
| ELC | |b 1 | ||
| LOK | |0 000 xxxxxcx a22 zn 4500 | ||
| LOK | |0 001 3212199121 | ||
| LOK | |0 003 DE-627 | ||
| LOK | |0 004 161792735X | ||
| LOK | |0 005 20100408183034 | ||
| LOK | |0 008 030218||||||||||||||||ger||||||| | ||
| LOK | |0 040 |a DE-21-35 |c DE-627 |d DE-21-35 | ||
| LOK | |0 541 |e 02/1977 | ||
| LOK | |0 852 |a DE-21-35 | ||
| LOK | |0 852 1 |c Pv 3.069 |m p |9 00 | ||
| LOK | |0 938 |k p | ||
| LOK | |0 939 |a 2003-02-18 |b l01 | ||
| LOK | |0 000 xxxxxcx a22 zn 4500 | ||
| LOK | |0 001 321219913X | ||
| LOK | |0 003 DE-627 | ||
| LOK | |0 004 161792735X | ||
| LOK | |0 005 20030225000000 | ||
| LOK | |0 008 030225||||||||||||||||ger||||||| | ||
| LOK | |0 040 |a DE-21-110 |c DE-627 |d DE-21-110 | ||
| LOK | |0 852 |a DE-21-110 | ||
| LOK | |0 852 1 |c O IV 456 |m p |9 00 | ||
| LOK | |0 935 |a k110 | ||
| LOK | |0 936ln |a 7.3.2.2 | ||
| LOK | |0 938 |k p | ||
| LOK | |0 939 |a 2003-02-25 |b l01 | ||
| LOK | |0 000 xxxxxcx a22 zn 4500 | ||
| LOK | |0 001 3212199148 | ||
| LOK | |0 003 DE-627 | ||
| LOK | |0 004 161792735X | ||
| LOK | |0 005 20100407025904 | ||
| LOK | |0 008 050716||||||||||||||||ger||||||| | ||
| LOK | |0 040 |a DE-21-43 |c DE-627 |d DE-21-43 | ||
| LOK | |0 541 |e 2002/838 | ||
| LOK | |0 852 |a DE-21-43 | ||
| LOK | |0 852 1 |c Ae 173 b |m p |9 00 | ||
| LOK | |0 935 |a k043 |a exem | ||
| LOK | |0 938 |k p | ||
| LOK | |0 939 |a 2005-07-16 |b l01 | ||
| LOK | |0 000 xxxxxcx a22 zn 4500 | ||
| LOK | |0 001 3212199156 | ||
| LOK | |0 003 DE-627 | ||
| LOK | |0 004 161792735X | ||
| LOK | |0 005 20081119100650 | ||
| LOK | |0 008 081119||||||||||||||||ger||||||| | ||
| LOK | |0 040 |a DE-21-43 |c DE-627 |d DE-21-43 | ||
| LOK | |0 541 |e 2008/791 | ||
| LOK | |0 852 |a DE-21-43 | ||
| LOK | |0 852 1 |c Ce 1758 |m p |9 00 | ||
| LOK | |0 938 |k p | ||
| LOK | |0 939 |a 2008-11-19 |b l02 | ||
| ORI | |a WA-MARC-krimdokb001.raw | ||
| SIG | |a IFK: O IV 456 | ||
| SPR | |a 1 |t KRI | ||
